000 00503nam a2200181 a 4500
001 000047336
005 20201002053547.0
008 180503s1988 dr a r 000 0 spa d
040 _aDO-SdBNP
_bspa
_cBNPHU
082 _axxxx
_bG939p
100 1 _aGuevara, Nicolás
_922224
245 1 4 _aLas piernas de mi poesía /
_cNicolás Guevara.
250 _a2a ed.
260 _aSanto Domingo :
_bs.n.,
_c1988.
300 _a75 p. :
_bil. ;
_c24 cm.
490 1 _aEl vecindario
830 0 _aEl vecindario
_958733
999 _c46824
_d46824